000 01113nam a22002537a 4500
005 20240305165452.0
007 cr|||| ||||
008 170907s2017 mx |||||s|||| 00||0 spa d
020 _a978-607-629-014-9
035 _a20547
040 _avLex
090 _c6931
_d6931
100 1 _aPérez Chávez, José
245 1 0 _aGuía práctica laboral y de seguridad social 2017
_h[Recurso electrónico] /
_cJosé Pérez Chávez, Raymundo Fol Olguín
256 _aServicio en línea
260 _aMexico DF:
_bTax Editores,
_c2017
300 _a1 recurso electrónico
506 1 _aDisponible solo en los productos indicados
_dvLex Global
_dvLex Global (Academic Edition, excluding Law Schools)
_dvLex Global (U.S. Academic Edition, Law Schools)
_dvLex Global (U.S. Academic Edition, excluding Law Schools)
_dvLex Global (Academic Edition, Law Schools)
650 0 4 _aDerecho Laboral y Seguridad Social
_zMéxico
700 1 _aFol Olguín, Raymundo
740 0 _avLex Libros (Servicio en línea)
856 4 0 _uhttps://app.vlex.com/#/sources/guia-practica-laboral-seguridad-social-2017-20547
942 _cRAA
999 _c165178
_d165178